000
00260nam a2200109Ia 4500
008
220204s9999 xx 000 0 und d
082
_a
82-3CHA
_b
CHA
100
_a
Chandler, Raymond
245
0
_a
Big sleep etc
260
_a
London
_b
Heinemann
_c
1977
942
_c
BK
999
_c
27380
_d
27380